Sutiles diferencias entre las figuras de homicidio en grado de tentativa, lesiones y abuso de armas (Registro nro. 31387)
[ vista simple ]
| 000 -LEADER | |
|---|---|
| fixed length control field | 00431 a2200121 4500 |
| 001 - CONTROL NUMBER | |
| control field | ART_29927 |
| 005 - DATE AND TIME OF LATEST TRANSACTION | |
| control field | 20260410162002.0 |
| 008 - FIXED-LENGTH DATA ELEMENTS--GENERAL INFORMATION | |
| fixed length control field | 260409a |
| 100 1# - MAIN ENTRY--PERSONAL NAME | |
| Personal name | Alvarez, Paula Sofía |
| 245 10 - TITLE STATEMENT | |
| Title | Sutiles diferencias entre las figuras de homicidio en grado de tentativa, lesiones y abuso de armas |
| 700 1# - ADDED ENTRY--PERSONAL NAME | |
| Personal name | Haurigot, Valeria |
| 773 0# - HOST ITEM ENTRY | |
| Title | Intercátedras |
| Related parts | IV y V Encuentro 2013 - Nº 2 (jun. 2014) |
| Record control number | REV29919 |
No hay ítems disponibles.